| 000 | 01764cam a22003251ia4500 | ||
|---|---|---|---|
| 003 | SA-RiAUC | ||
| 005 | 20241229062617.0 | ||
| 008 | 241228s1992____ua g 00000dara c | ||
| 040 |
_aSA-AbKKU _bara _cSA-RiAUC _erda |
||
| 082 | 0 | 4 |
_a258 _qSA-RiAUC |
| 090 |
_a258 _bس م ع |
||
| 100 | 1 |
_aالسمعاني، منصور بن محمد بن عبد الجبار، _d426-489 هجري _eمؤلف. |
|
| 245 | 1 | 2 |
_aالاصطلام في الخلاف بين الإمامين الشافعي وأبي حنيفة / _cلأبي المظفر منصور السمعاني ؛ تحقيق نايف بن نافع العمري. |
| 250 | _aالطبعة الأولى. | ||
| 264 | 1 |
_aالقاهرة : _bدار المنار للطبع والنشر والتوزيع، _c1992 |
|
| 300 |
_a4 مجلد ؛ _c24 سم |
||
| 336 |
_aنص _btxt _2rdacontent _3كتاب |
||
| 337 |
_aبدون وسيط _bn _2rdamedia |
||
| 338 |
_aمجلد _bnc _2rdacarrier |
||
| 600 | 1 | 7 |
_aالإمام الشافعي، محمد بن إدريس بن العباس، _d150-204 هجري _xدين _2aucnm |
| 600 | 1 | 7 |
_aأبو حنيفة، النعمان بن ثابت التيمي، _d80-150 هجري _xدين _2aucnm |
| 650 | 7 |
_aالفقه الإسلامي _xمذاهب _2aucsh |
|
| 650 | 7 |
_aالفقه الشافعي _2aucsh |
|
| 650 | 7 |
_aالفقه الحنفي _2aucsh |
|
| 650 | 7 |
_aالاختلاف (فقه إسلامي) _2aucsh |
|
| 700 | 1 | 2 |
_iتحقيق لـ (عمل) : _aالسمعاني، منصور بن محمد بن عبد الجبار، _d426-489 هجري. _tالاصطلام في الخلاف بين الإمامين الشافعي وأبي حنيفة رحمهما الله |
| 700 | 1 |
_aالعمري، نايف بن نافع _eمحقق. |
|
| 942 |
_2ddc _cBOOK _n0 |
||
| 949 |
_aSA-JeALM _d241228 _uosman123 _n1 |
||
| 999 |
_c4023 _d4023 |
||